[Event "Ljubljana op"]
[Site "Ljubljana"]
[Date "1993.??.??"]
[Round "?"]
[White "Podvrsnik, Marko"]
[Black "Sitnik, Igor"]
[Result "1-0"]
[WhiteElo "2215"]
[BlackElo "2230"]

1.d4 d5 2.Nf3 Nf6 3.c4 e6 4.g3 Be7 5.Bg2 O-O 6.O-O Nbd7 7.b3 b6 8.Ne5 Bb7
9.Nc3 Ne4 10.Nxe4 dxe4 11.Qc2 f5 12.Nxd7 Qxd7 13.Rd1 Rad8 14.Bb2 Qc8 15.Rac1 Qa8
16.e3 Rd7 17.b4 Bf6 18.b5 h5 19.a4 Qe8 20.Bf1 h4 21.d5 exd5 22.cxd5 Kh7 23.Ba3 Be7
24.Bb2 Bd6 25.Bc4 Qg6 26.Kf1 Rh8 27.Ke1 Kg8 28.Kd2 hxg3 29.hxg3 Bb4+ 30.Bc3 Bxd5
31.Bxb4 Bxc4+ 32.Kc3 Bd3 33.Qb3+ Qf7 34.Kb2 Rh2 35.Be1 Qxb3+ 36.Kxb3 Kf8
37.Rc3 Ke8 38.Rdc1 Kd8 39.Rc6 Kc8 40.Kb4 Kb7 41.a5 bxa5+ 42.Kxa5 f4 43.gxf4 Rh5
44.R6c5 Rxc5 45.Rxc5 a6 46.bxa6+ Bxa6 47.Bc3 c6 48.Kb4 Rd5 49.Bxg7 Rxc5 50.Kxc5 Kc7
51.Kd4 Bd3 52.Bf8 Kd7 53.f3 Ke6 54.fxe4 Bb1 55.Bc5 Bc2 56.Bb6 Bb1 57.f5+ Kf6
58.Bd8+ Kf7 59.Ke5 Bc2 60.Bb6 Bb1 61.Kf4 Bc2 62.e5  1-0

[Event "Ljubljana op"]
[Site "Ljubljana"]
[Date "1993.??.??"]
[Round "?"]
[White "Kozul, Zdenko"]
[Black "Barle, Janez"]
[Result "1-0"]
[WhiteElo "2595"]
[BlackElo "2435"]

1.d4 Nf6 2.Nf3 e6 3.c4 d5 4.g3 Be7 5.Bg2 O-O 6.O-O c5 7.cxd5 exd5 8.dxc5 Bxc5
9.Bg5 Nc6 10.Nc3 Be7 11.Bxf6 Bxf6 12.Nxd5 Bxb2 13.Rb1 Bf6 14.Nd2 Be7 15.Nc4 Bc5
16.e3 b6 17.Qh5 Ba6 18.Rbc1 Rc8 19.Rfd1 Qe8 20.Bh3 f5 21.Qxe8 Rcxe8 22.Nc7 Bxc4
23.Nxe8 Bxa2 24.Nc7 Ne5 25.Bg2 a5 26.Bd5+ Bxd5 27.Rxd5 Nf3+ 28.Kg2 Ng5 29.Na6 Ne6
30.Rb1 Rf6 31.Rd7 a4 32.Ra1 b5 33.Rd5 Bf8 34.Rxb5 a3 35.Nb4 Nc7 36.Rb7 Na6
37.Nc2 Nc5 38.Rb8 Rc6 39.Nxa3 Ne4 40.Nb5  1-0

[Event "London Lloyds"]
[Site "London"]
[Date "1993.??.??"]
[Round "2"]
[White "Kinsman, Andrew PH"]
[Black "Hunt, Harriet"]
[Result "1-0"]
[WhiteElo "2370"]
[BlackElo "2135"]

1.Nf3 d5 2.d4 Nf6 3.c4 e6 4.g3 Be7 5.Bg2 O-O 6.O-O dxc4 7.Na3 Bd7 8.Nxc4 Bc6
9.Bf4 Nbd7 10.Rc1 Rc8 11.Qd2 Be4 12.Rfd1 Nd5 13.a3 N7f6 14.b4 h6 15.Na5 Qe8
16.Qb2 Qb5 17.Be5 Ng4 18.h3 Nxe5 19.dxe5 c5 20.Nc4 Rfd8 21.Nd6 Bxd6 22.exd6 Bxf3
23.Bxf3 cxb4 24.Rxc8 Rxc8 25.Bxd5 exd5 26.Qxb4 Qc6 27.e4 dxe4 28.d7 Rd8 29.Qe7 Qf6
30.Qxe4 Qc6 31.Qe7 Qf6 32.Qe8+ Kh7 33.Rc1  1-0

[Event "London Lloyds"]
[Site "London"]
[Date "1993.??.??"]
[Round "7"]
[White "Budnikov, Alexandar"]
[Black "King, Daniel J"]
[Result "1-0"]
[WhiteElo "2535"]
[BlackElo "2455"]

1.d4 Nf6 2.c4 e6 3.Nf3 d5 4.g3 Be7 5.Bg2 O-O 6.O-O dxc4 7.Qc2 a6 8.Qxc4 b5
9.Qc2 Bb7 10.Bd2 Be4 11.Qc1 Nbd7 12.Ba5 Rc8 13.Nbd2 Ba8 14.Qc2 Qe8 15.b4 Nd5
16.a3 f5 17.e3 Qh5 18.Qd1 Bd6 19.Rc1 Qh6 20.Qe2 N7f6 21.Rfe1 Ne4 22.Nxe4 fxe4
23.Ne5 Ne7 24.a4 bxa4 25.Nc4 Bd5 26.Qc2 a3 27.Rf1 Qg6 28.Nxa3 Nc6 29.Qa4 Na7
30.Nc4 Nb5 31.Qc2 h5 32.Nd2 Na3 33.Bxe4 Qg4 34.Qd1 Qh3 35.f4 Nb5  1-0

[Event "London SCCU op"]
[Site "London"]
[Date "1993.??.??"]
[Round "8"]
[White "Sagall, Roy"]
[Black "Murugan, Krishnamoorthy"]
[Result "1/2-1/2"]
[WhiteElo "2130"]
[BlackElo "2410"]

1.d4 d5 2.Nf3 Nf6 3.c4 e6 4.g3 Be7 5.Bg2 O-O 6.O-O dxc4 7.Qa4 a6 8.Qxc4 b5
9.Qc2 Bb7 10.Bf4 Nc6 11.Rd1 Nb4 12.Qc1 Rc8 13.a3 Nbd5 14.Nc3 c5 15.dxc5 Bxc5
16.Nxd5 Bxd5 17.Be3 Bb6 18.Qd2 Ne4 19.Bxb6 Qxb6 20.Qd4 Qb7 21.Nd2 Nf6 22.Bxd5 Nxd5
23.Rac1 Qb6 24.Nb3 h6 25.e4 Qxd4 26.Nxd4 Rxc1 27.Rxc1 Nf6 28.Rc6 Rd8 29.Nf3 Nxe4
30.Rxa6 Rd1+ 31.Kg2 Rb1 32.b4 Rb2 33.Nd4 Rxf2+ 34.Kg1 Rd2 35.Nxb5 Ng5 36.Rd6 Nf3+
37.Kf1 Nxh2+ 38.Ke1 Nf3+ 39.Kf1  1/2-1/2

[Event "Lublin-B"]
[Site "Lublin"]
[Date "1993.??.??"]
[Round "3"]
[White "Jamroz, Zbigniew"]
[Black "Pyda, Zbigniew"]
[Result "1/2-1/2"]
[WhiteElo "2280"]
[BlackElo "2290"]

1.d4 d5 2.c4 e6 3.Nf3 Nf6 4.g3 Be7 5.Bg2 O-O 6.Qc2 c6 7.O-O b6 8.Nbd2 Bb7
9.e4 dxe4 10.Nxe4 Nbd7 11.Rd1 Qc8 12.Bf4 Nxe4 13.Qxe4 Rd8 14.Qe2 Nf6 15.Ne5 c5
16.dxc5 Bxg2 17.Rxd8+ Bxd8 18.Kxg2 Qxc5 19.Rd1 Rc8 20.h4 Bc7 21.b3 g6 22.Kg1 Nh5
23.Rd7 Nxf4 24.gxf4 Bxe5 25.fxe5 a5 26.h5 b5 27.h6 bxc4 28.bxc4 Qa3 29.Qd1 Rf8
30.Rd8 Qe7 31.Rxf8+ Qxf8 32.Qd2 a4 33.Qe3 Qd8 34.Qf4 Kf8 35.c5 Qd1+ 36.Kh2 Qd5
37.Qe3 Qxa2 38.c6 Qc4 39.Qb6 Qf4+ 40.Kg2 Qg4+ 41.Kf1  1/2-1/2

[Event "Wch Team"]
[Site "Luzern"]
[Date "1993.??.??"]
[Round "3"]
[White "Kaidanov, Grigory S"]
[Black "Nenashev, Alexander"]
[Result "1-0"]
[WhiteElo "2640"]
[BlackElo "2580"]

1.d4 d5 2.c4 e6 3.Nf3 Nf6 4.g3 Be7 5.Bg2 O-O 6.O-O c6 7.Qc2 b6 8.Nbd2 Bb7
9.e4 Na6 10.a3 dxc4 11.Nxc4 b5 12.Ncd2 c5 13.e5 Nd5 14.Ne4 cxd4 15.Bg5 Rc8
16.Qd3 Nc5 17.Nxc5 Rxc5 18.Qxd4 Qc7 19.Rac1 Rc8 20.Qg4 Rc4 21.Rxc4 Qxc4 22.Qxc4 bxc4
23.Rd1 Bf8 24.Nd4 h6 25.Bd2 Rb8 26.Rc1 c3 27.bxc3 Bxa3 28.Ra1 Bc5 29.Nb3 Bb6
30.c4 Ne7 31.c5 Bxg2 32.Kxg2 Bc7 33.Rxa7 Nd5 34.Nd4 Rb2 35.Bc3 Rb1 36.Ne2 Bb8
37.Ra8 Kh7 38.Bd4 Rb3 39.Nf4 Ne7  1-0

[Event "Martinez Valle op"]
[Site "Martinez Valle"]
[Date "1993.??.??"]
[Round "5"]
[White "Ricardi, Pablo"]
[Black "Zarnicki, Pablo"]
[Result "1/2-1/2"]
[WhiteElo "2480"]
[BlackElo "2470"]

1.d4 Nf6 2.c4 e6 3.g3 d5 4.Bg2 Be7 5.Nf3 O-O 6.O-O dxc4 7.Qc2 a6 8.Qxc4 b5
9.Qc2 Bb7 10.Bf4 Nc6 11.Nc3 Nb4 12.Qb1 Nbd5 13.Nxd5 Bxd5 14.a4 c5  1/2-1/2

[Event "Martinez Valle op2"]
[Site "Martinez Valle"]
[Date "1993.??.??"]
[Round "6"]
[White "Ricardi, Pablo"]
[Black "Hoffman, Alejandro"]
[Result "0-1"]
[WhiteElo "2480"]
[BlackElo "2450"]

1.d4 Nf6 2.c4 e6 3.g3 d5 4.Bg2 Be7 5.Nf3 O-O 6.O-O c6 7.Nbd2 b6 8.Qc2 Bb7
9.e4 Na6 10.b3 c5 11.exd5 exd5 12.Re1 Nb4 13.Qb1 dxc4 14.Nxc4 cxd4 15.a3 Na6
16.Bb2 b5 17.Nce5 Nc5 18.Bxd4 Ne6 19.Bb2 Qb6 20.Qf5 Rad8 21.Re2 a5 22.Rae1 Bd5
23.Nh4 Bc5 24.Nxf7 Rxf7 25.Bxd5 Nxd5 26.Qxe6 Qxe6 27.Rxe6 Bxf2+ 28.Kg2 Bxe1
29.Rxe1 Ne3+ 30.Rxe3 Rd2+ 31.Kh3 Rxb2 32.Nf3 h6 33.Nd4 Rff2 34.Kg4 Rbd2 35.Nf3 Rde2
36.Rd3 Re4+ 37.Kf5 Re8 38.Kg4 Ra2 39.Rd5 Rxa3 40.Rxb5 Re4+ 41.Kf5 Rb4 42.Rxb4 axb4
43.Nd4 Ra5+ 44.Ke4 Rc5 45.h4 Rc3 46.g4 Kf7 47.Ke5 g6 48.Kf4 Rd3 49.Ke4 Rh3
50.Nf3 Ke6 51.Kf4 Kd5 52.Ke3 g5  0-1

[Event "Minsk"]
[Site "Minsk"]
[Date "1993.??.??"]
[Round "?"]
[White "Mochalov, Evgeny V"]
[Black "Nielsen, Peter Heine"]
[Result "0-1"]
[WhiteElo "2445"]
[BlackElo "2440"]

1.d4 d5 2.c4 e6 3.Nf3 Nf6 4.g3 Be7 5.Bg2 O-O 6.Nc3 dxc4 7.O-O Nbd7 8.e4 a6
9.a4 c5 10.d5 exd5 11.exd5 Nb6 12.Ne5 Bd6 13.f4 a5 14.h3 Re8 15.Nb5 Bxe5
16.fxe5 Rxe5 17.Bf4 Rxd5 18.Qe2 Rd7 19.Qf2 Nbd5 20.Be5 Ra6 21.Qxc5 Re6 22.Bd4 Ne4
23.Bxe4 Rxe4 24.Rae1 Rxe1 25.Rxe1 Re7 26.Rxe7 Nxe7 27.g4 Nc6 28.Qxc4 h5 29.Be3 hxg4
30.hxg4 Be6 31.Qe2 Qh4 32.g5 Qxa4 33.Nc3 Qh4 34.Qf2 Qh3 35.Qf4 Ne7 36.Kf2 Kh7
37.Qg3 Qf5+ 38.Kg1 Nd5 39.Qh2+ Kg6 40.Nxd5 Bxd5 41.Qd6+ Be6 42.Qd4 Kh5 43.Qd1+ Qg4+
44.Qxg4+ Kxg4 45.Kf2 a4 46.Bd4 Kxg5 47.Bxg7 Kf4 48.Bf6 Kf5 49.Bd8 Ke4 50.Ke2 Bc4+
51.Kd2 f5 52.Bb6 f4 53.Bc7 b5 54.Bd6 Kf3 55.Bc7 b4 56.Bd6 b3 57.Bc7 Be6 58.Bb8 Bf5
59.Bd6 Kg2  0-1

[Event "Minsk"]
[Site "Minsk"]
[Date "1993.??.??"]
[Round "?"]
[White "Shipov, Sergei"]
[Black "Kruppa, Yuri"]
[Result "0-1"]
[WhiteElo "2490"]
[BlackElo "2475"]

1.d4 e6 2.c4 Nf6 3.g3 d5 4.Bg2 Be7 5.Nf3 O-O 6.O-O dxc4 7.Qc2 a6 8.Qxc4 b5
9.Qc2 Bb7 10.Bd2 Be4 11.Qc1 Bb7 12.Rd1 Qc8 13.b4 Nbd7 14.a4 Bd6 15.axb5 axb5
16.Na3 Qb8 17.Nc2 Be4 18.Nfe1 Bxg2 19.Nxg2 Qb7 20.Nge1 Qe4 21.Be3 Nd5 22.f3 Qg6
23.Bd2 Rxa1 24.Nxa1 f5 25.Ng2 N7b6 26.Nb3 Nc4 27.Nc5 f4 28.g4 Nxd2 29.Qxd2 Ra8
30.Qb2 Bxc5 31.bxc5 b4 32.Kf2 h5 33.h3 hxg4 34.hxg4 Qh6 35.Ra1 Rb8 36.Ra6 Qh2
37.Qb3 Ne3 38.Qxe6+ Kh8  0-1

[Event "New York op"]
[Site "New York"]
[Date "1993.??.??"]
[Round "1"]
[White "Adianto, Utut"]
[Black "Feldman, Steven"]
[Result "1-0"]
[WhiteElo "2490"]
[BlackElo "2285"]

1.d4 d5 2.c4 e6 3.Nf3 Be7 4.g3 Nf6 5.Bg2 O-O 6.O-O Nbd7 7.Qc2 c5 8.cxd5 Nxd5
9.Rd1 Nb4 10.Qb3 c4 11.Qxc4 b5 12.Qb3 a5 13.Ne1 a4 14.Qf3 Rb8 15.Nc3 Bb7
16.e4 f5 17.Qe2 fxe4 18.Bxe4 Bxe4 19.Qxe4 Qb6 20.Bf4 Nf6 21.Qe2 Rb7 22.Nd3 Nbd5
23.Nxd5 exd5 24.Rac1 Ne4 25.f3 Ng5 26.Bxg5 Bxg5 27.Rc5 Bf6 28.Rxd5 Bxd4+
29.Kg2 Bf6 30.Nc5 Re7 31.Ne4 Rc7 32.Rxb5 Qe6 33.Rbd5 Rb7 34.R1d2 Bxb2 35.Rd6 Qxa2
36.Nc5 Rbb8 37.Nd7 Rfe8 38.Qd3 Rb7 39.Re2 Rxe2+ 40.Qxe2 Qf7 41.Ne5 Qc7 42.Rd7 Bxe5
43.Rxc7 Rb2 44.Rc2 a3 45.Rxb2  1-0

[Event "New York op"]
[Site "New York"]
[Date "1993.??.??"]
[Round "6"]
[White "Wojtkiewicz, Aleksander"]
[Black "Feldman, Steven"]
[Result "1-0"]
[WhiteElo "2580"]
[BlackElo "2285"]

1.Nf3 d5 2.c4 e6 3.g3 Nf6 4.Bg2 Be7 5.d4 O-O 6.O-O c6 7.Qc2 b6 8.b3 Bb7 9.Rd1 Nbd7
10.Nc3 Rc8 11.e4 c5 12.exd5 exd5 13.dxc5 dxc4 14.b4 a5 15.bxa5 Bxc5 16.axb6 Bxf3
17.Bxf3 Qxb6 18.Na4 Qe6 19.Nxc5 Nxc5 20.Be3 Nd3 21.Rab1 Nd5 22.Bd4 Rfd8 23.a3 Qf5
24.Bg2 Rd6 25.Ba7 Rdd8 26.Rb7 h5 27.Rdb1 Qe5 28.R7b5 Qe6 29.Bf1 Nc7 30.Rb6 Qd5
31.Bg2 Qa5 32.Rb7 Nd5 33.Bh3 Re8 34.Bxc8 Re1+ 35.Kg2 N5f4+ 36.gxf4 Nxf4+
37.Kf3 Qd5+ 38.Kxf4 g5+ 39.Kg3 h4+ 40.Kg4 Re4+ 41.Qxe4 Qxe4+ 42.Kxg5 Qg6+
43.Kxh4 Qh6+ 44.Kg3 Qg5+ 45.Kh3 Qh5+ 46.Kg2 Qd5+ 47.f3 Qd2+ 48.Kh1 c3 49.Rg1+ Kh8
50.Rxf7 c2 51.Rf8+ Kh7 52.Bf5+  1-0

[Event "New York op"]
[Site "New York"]
[Date "1993.??.??"]
[Round "7"]
[White "Braude, Mikhail"]
[Black "Feldman, Steven"]
[Result "1-0"]
[WhiteElo "2495"]
[BlackElo "2285"]

1.d4 d5 2.Nf3 Nf6 3.c4 e6 4.g3 Be7 5.Bg2 O-O 6.O-O c6 7.Qc2 b6 8.b3 Bb7 9.Bb2 Nbd7
10.Nc3 Rc8 11.e4 c5 12.exd5 exd5 13.Rfd1 dxc4 14.d5 Bd6 15.bxc4 a6 16.a4 Qc7
17.Ne4 Nxe4 18.Qxe4 Rce8 19.Qc2 Qd8 20.Rab1 Bc8 21.Ba1 f5 22.Qb2 Rf7 23.Re1 Bf8
24.Rxe8 Qxe8 25.Ng5 Re7 26.Ne6 Nf6 27.Qc2 Ne4 28.Nxf8 Kxf8 29.f4 Qd8 30.Be5 Nd6
31.a5 Rb7 32.Qc3 Kg8 33.Bxd6 Qxd6 34.Qe5 Qd8 35.d6 Rb8 36.Bd5+ Kf8 37.Rxb6 Rxb6
38.axb6 Qd7 39.b7 Bxb7 40.Qe7+ Qxe7 41.dxe7+ Kxe7 42.Bxb7 a5 43.Bc6  1-0

[Event "NOR-ch"]
[Site "?"]
[Date "1993.??.??"]
[Round "2"]
[White "Groenn, Atle"]
[Black "Haugli, Petter"]
[Result "0-1"]
[WhiteElo "2325"]
[BlackElo "2395"]

1.Nf3 d5 2.d4 Nf6 3.c4 e6 4.g3 Be7 5.Bg2 O-O 6.O-O dxc4 7.Qc2 a6 8.Qxc4 b5
9.Qc2 Bb7 10.Bg5 Nbd7 11.Nbd2 Rc8 12.Bxf6 Nxf6 13.Nb3 Be4 14.Qc3 Nd5 15.Qd2 c5
16.dxc5 Bxc5 17.Nxc5 Rxc5 18.Rac1 Rxc1 19.Rxc1 Qa8 20.Qd4 Nf6 21.Qc5 h6 22.h3 Rd8
23.b3 Nd5 24.a3 Nf6 25.Kh2 Bd5 26.b4 Ne4 27.Qe3 Nd6 28.Rc5 Qb7 29.Qf4 Bc6
30.h4 Ne8 31.Ne1 Bxg2 32.Nxg2 Nf6 33.Ne3 Qe4 34.Qxe4 Nxe4 35.Rc6 Nxf2 36.Kg2 Ne4
37.Rxa6 Rd2 38.a4 bxa4 39.Rxa4 Nc3 40.Ra8+ Kh7 41.Rc8 Nxe2 42.Rc2 Rxc2 43.Nxc2 Nc3
44.Kf3 Kg6 45.Ke3 Kf5 46.Kd4 Nb5+ 47.Kc5 Nc7 48.Ne3+ Ke4 49.Kc6 Na6 50.b5 Nb4+
51.Kc5 Nd3+ 52.Kd6 Kxe3 53.b6 Nb4 54.b7 Na6 55.Kc6 Kd4 56.Kb6 Nc5 57.b8=N  0-1

[Event "Odorheiu Secuiesc"]
[Site "Odorheiu Secuiesc"]
[Date "1993.??.??"]
[Round "1"]
[White "Horvath, Jozsef"]
[Black "Wells, Peter K"]
[Result "1-0"]
[WhiteElo "2535"]
[BlackElo "2485"]

1.d4 Nf6 2.c4 e6 3.g3 d5 4.Bg2 Be7 5.Nf3 O-O 6.O-O dxc4 7.Qc2 a6 8.Qxc4 b5
9.Qc2 Bb7 10.Bf4 Nc6 11.Rd1 Nb4 12.Qc1 Rc8 13.Nc3 Nbd5 14.Be5 c5 15.dxc5 Bxc5
16.Bxf6 Qxf6 17.Ne4 Qe7 18.Nxc5 Rxc5 19.Qd2 Nf6 20.Qd6 Qxd6 21.Rxd6 Rfc8
22.Ne1 Bxg2 23.Kxg2 a5 24.Ra6 a4 25.b3 axb3 26.axb3 g5 27.Nd3 Rc2 28.Ra8 Rxa8
29.Rxa8+ Kg7 30.Kf1 Ne4 31.b4 Nd2+ 32.Ke1 Nb3 33.Ra7 Kf6 34.Rd7 Ra2 35.f3 h5
36.Kf2 g4 37.f4 Rd2 38.Rb7  1-0

[Event "Odorheiu Secuiesc"]
[Site "Odorheiu Secuiesc"]
[Date "1993.??.??"]
[Round "3"]
[White "Marin, Mihail"]
[Black "Wells, Peter K"]
[Result "1/2-1/2"]
[WhiteElo "2515"]
[BlackElo "2485"]

1.d4 d5 2.c4 e6 3.Nf3 Nf6 4.g3 Be7 5.Bg2 O-O 6.O-O dxc4 7.Qc2 a6 8.Qxc4 b5
9.Qc2 Bb7 10.Bd2 Be4 11.Qc1 Nbd7 12.Ba5 Rc8 13.Nbd2 Ba8 14.Qb1 Qe8 15.b4 Nb8
16.a3 Nc6 17.Nb3 Nd7 18.e4 e5 19.d5 Nxa5 20.Nxa5 c6 21.Rd1 cxd5 22.exd5 Bd6
23.Ra2 f5 24.Re2 Qh5 25.Nc6 Rfe8 26.Qb3 e4 27.Nfd4 Ne5 28.f3 exf3 29.Nxf3 Nc4
30.Ree1 f4 31.gxf4 Qf5 32.Rd4 Rxe1+ 33.Nxe1 Re8 34.Nf3 Ne3 35.Nfe5 Nxg2 36.Kxg2 g5
37.Qd3 Qxd3 38.Nxd3 gxf4 39.Nxf4 Rc8 40.Ne6 Bxc6 41.dxc6 Rxc6 42.Rg4+ Kh8
43.Nd8 Rc7 44.h4 Rd7 45.Ne6 Re7 46.Ng5 Be5 47.Ne4 h5 48.Rg5 Rg7 49.Nc5 Rxg5+
50.hxg5 Kg7 51.Nxa6 Kg6 52.Nc5 Kxg5 53.a4  1/2-1/2

[Event "Osijek"]
[Site "Osijek"]
[Date "1993.??.??"]
[Round "3"]
[White "Kozul, Zdenko"]
[Black "Kovacevic, Vlatko"]
[Result "1/2-1/2"]
[WhiteElo "2595"]
[BlackElo "2475"]

1.d4 d5 2.c4 e6 3.Nf3 Nf6 4.g3 Be7 5.Bg2 O-O 6.O-O Nbd7 7.Qc2 c6 8.Nbd2 a5
9.e4 a4 10.e5 Ne8 11.Re1 Nc7 12.Nf1 dxc4 13.h4 c5 14.Bg5 a3 15.bxa3 h6 16.Bxe7 Qxe7
17.a4 Nd5 18.Qxc4 cxd4 19.Qxd4 Qa3 20.Ne3 Rxa4 21.Nc2 Rxd4 22.Nxa3 Ra4 23.Nb5 Nc5
24.Nfd4 Bd7 25.Bxd5 exd5 26.Red1 Ne6 27.Nxe6 fxe6 28.Nd4 Rc8 29.Rab1 Rc7
30.Rd2 Kf7 31.f3 Ke7 32.Kf2 Rcc4 33.Ke3 Ra7 34.h5 Rca4 35.Rbb2 Ra3+ 36.Rb3 R3a4
37.g4 Bc6 38.Rbb2 Bd7 39.f4 Ra3+ 40.Rb3 Rxb3+ 41.axb3 Ra1 42.Kf2 Rh1 43.Rd3 Ke8
44.f5 exf5 45.e6 fxg4 46.exd7+ Kxd7 47.Rg3 Rxh5 48.Rxg4 g5 49.Nf3 Rh1 50.Rb4 Kc6
51.Ne5+ Kd6 52.Nf7+ Kc7 53.Rd4 Rh3 54.Rxd5 Rxb3  1/2-1/2

[Event "Osijek"]
[Site "Osijek"]
[Date "1993.??.??"]
[Round "9"]
[White "Dizdarevic, Emir"]
[Black "Kovacevic, Vlatko"]
[Result "1/2-1/2"]
[WhiteElo "2540"]
[BlackElo "2475"]

1.c4 e6 2.g3 d5 3.Bg2 Nf6 4.d4 Be7 5.Nf3 O-O 6.O-O Nbd7 7.Nbd2 c6 8.Qc2 a5
9.e4 a4 10.Re1 b6 11.e5 Ne8 12.h4 Nc7 13.Nf1 Bb7 14.Ng5 g6 15.Ne3 h6 16.Nh3 Kg7
17.h5 Rh8 18.hxg6 fxg6 19.Nf4 Nf8 20.Bd2 Qe8 21.Nd3 h5 22.cxd5 exd5 23.f4 Nfe6
24.Bc3 Rf8 25.Rf1 Nb5 26.f5 Nexd4 27.f6+ Kh7 28.Qd2 Bc5 29.Nxc5 bxc5 30.Rae1 Ba6
31.Rf2 Ra7 32.Ba5 Rb7 33.Bh3 Qxe5 34.Nf5 Qxf6 35.Qh6+ Kg8 36.Ne7+ Rxe7 37.Rxf6 Rxe1+
38.Bxe1 Rxf6 39.Qe3 Nd6 40.Qe7 Ne4 41.Bg2 Nf3+ 42.Bxf3 Rxf3 43.Bc3 Nxc3 44.bxc3 Rxg3+
45.Kf2 Rg4 46.Qe8+ Kg7 47.Qe7+ Kh6 48.Qe3+ Rg5 49.Qf4  1/2-1/2

[Event "Pardubice op"]
[Site "Pardubice"]
[Date "1993.??.??"]
[Round "6"]
[White "Grabuzov, S."]
[Black "Vavra, Pavel"]
[Result "1-0"]
[WhiteElo "2370"]
[BlackElo "2350"]

1.d4 Nf6 2.Nf3 d5 3.c4 e6 4.g3 Be7 5.Bg2 O-O 6.O-O dxc4 7.Na3 c3 8.bxc3 c5
9.Ne5 Nbd7 10.Nac4 Nxe5 11.Nxe5 Qc7 12.Qb3 Rd8 13.Bf4 Nh5 14.Be3 Nf6 15.Rfd1 Nd5
16.Bd2 Bf6 17.e4 Bxe5 18.exd5 cxd4 19.Bg5 Re8 20.cxd4 Bd6 21.Rac1 Qb6 22.Qa4 Rf8
23.Rb1 Qc7 24.Rdc1 Qb8 25.dxe6 fxe6 26.Qc2 Kh8 27.Qe2 a5 28.Qh5 g6 29.Qh4 Rf7
30.Bf6+ Kg8 31.Qg5 Ra6 32.h4 Ba3 33.Be5 Bd6 34.Be4 Bxe5 35.dxe5 Ra8 36.h5 Qa7
37.hxg6 Qxf2+ 38.Kh1 hxg6 39.Qxg6+ Kf8 40.Rf1 Qxf1+ 41.Rxf1 Rxf1+ 42.Kg2 Rf7
43.Qh6+ Kg8 44.Qg5+ Kf8 45.Qg6 Rd7 46.Qf6+ Kg8 47.Qxe6+ Kg7 48.Qf6+ Kg8 49.e6  1-0

[Event "Paris-ch"]
[Site "Paris"]
[Date "1993.??.??"]
[Round "3"]
[White "Salgado Allaria, Carlos"]
[Black "Verat, Laurent"]
[Result "0-1"]
[WhiteElo "2205"]
[BlackElo "2285"]

1.d4 Nf6 2.c4 e6 3.g3 d5 4.Bg2 Be7 5.Nf3 O-O 6.O-O b6 7.Nc3 Bb7 8.Ne5 Na6
9.cxd5 exd5 10.Qa4 Qe8 11.Qb3 Rd8 12.Nd3 Ne4 13.Nf4 Nxc3 14.bxc3 Qd7 15.a4 c5
16.Ba3 Bc6 17.Bb2 Qb7 18.Qc2 Nc7 19.Nd3 Qc8 20.a5 Nb5 21.axb6 axb6 22.Ne5 Be8
23.Qd2 f6 24.Nd3 Bf7 25.Qd1 Nd6 26.Bc1 Nc4 27.Qb3 Qe6 28.Nf4 Qd6 29.Ra6 Ra8
30.dxc5 Qxc5 31.Rxa8 Rxa8 32.Nd3 Qa5 33.Nb4 Rc8 34.Rd1 d4 35.Rxd4 Ne3 36.Nd5 Nxg2
37.Nxe7+ Kf8 38.Ba3 Bxb3 39.Nc6+ Qxa3  0-1

[Event "Paris-ch"]
[Site "Paris"]
[Date "1993.??.??"]
[Round "3"]
[White "Mohebbi, Jafar"]
[Black "Gaspariants, Garry"]
[Result "0-1"]
[WhiteElo "2300"]
[BlackElo "2245"]

1.d4 d5 2.c4 e6 3.Nf3 Nf6 4.g3 Be7 5.Bg2 O-O 6.Nc3 c6 7.O-O Nbd7 8.b3 b6
9.Bb2 Ba6 10.Nd2 b5 11.e3 bxc4 12.bxc4 Nb6 13.c5 Bxf1 14.Bxf1 Nbd7 15.Qa4 Qc7
16.Nb3 a5 17.Ne2 Rfb8 18.Bc3 Bd8 19.Nec1 Ne4 20.Be1 e5 21.f3 Ng5 22.Kg2 e4
23.f4 Nf3 24.Bc3 g5 25.Ne2 Nf6 26.h3 g4 27.h4 Nh5 28.Rc1 Ng7 29.Ng1 Nf5 30.Nxf3 gxf3+
31.Kf2 Nh6 32.Bh3 f5 33.Bd2 Qb7 34.Bf1 Ng4+ 35.Kg1 Qc7 36.Rc2 Rb7 37.Bh3 Kh8
38.Bc1 Rb4 39.Qa3 Rbb8 40.Qa4 Qb7 41.Bf1 Qd7 42.Bd2 Ra7 43.Rc3 Qe6 44.Be1 Qg6
45.Bh3 Rb4 46.Qa3 Rb5 47.Nd2 Bxh4 48.gxh4 Nxe3+ 49.Kh2 Rg7 50.Nxf3 exf3 51.Bf2 Ng4+
52.Kg3 Nxf2+ 53.Kxf2 Qg3+  0-1

[Event "Peristeri"]
[Site "Peristeri"]
[Date "1993.??.??"]
[Round "9"]
[White "Frendzas, Panayotis"]
[Black "Pandavos, Emanouel"]
[Result "1/2-1/2"]
[WhiteElo "2345"]
[BlackElo "2335"]

1.d4 Nf6 2.c4 e6 3.Nf3 d5 4.g3 Be7 5.Bg2 O-O 6.O-O dxc4 7.Qc2 a6 8.a4 Bd7
9.Qxc4 Bc6 10.Bf4 Nbd7 11.Nc3 Nb6 12.Qd3 Nbd5 13.Bd2 Nxc3 14.bxc3 Be4 15.Qe3 b5
16.Ne5 Bxg2 17.Kxg2 c5 18.Nc6 Qc7 19.Qf3 Rac8 20.axb5 axb5 21.Nxe7+ Qxe7
22.Bg5 h6 23.Bxf6 Qxf6 24.Qxf6 gxf6 25.Rfb1 cxd4 26.cxd4 Rc4 27.e3 Rb8 28.Kf3 b4
29.Rb2 Kg7 30.Ra4 Kg6 31.Ke4 Rb7 32.Kd3 Rc3+ 33.Kd2 Rc4 34.Rc2 Rbc7 35.Rxc4 Rxc4
36.Ra2 Kf5 37.f3 Rc3 38.Rb2 Ra3 39.h4 Kg6 40.Rxb4 f5 41.Rc4 Ra2+ 42.Rc2 Ra1
43.Ke2 Rh1 44.Rc8 Rh2+ 45.Kf1 Rd2 46.Rd8 Kf6 47.Ke1 Rg2 48.Rg8 Ra2 49.g4 Rh2
50.h5 fxg4 51.fxg4 Ra2 52.Kf1 Rd2 53.Ke1 Ra2 54.Kf1 Rd2 55.e4 Ke7 56.g5 Rh2
57.g6 Rxh5 58.Ke2 fxg6 59.Rxg6 Rh3 60.e5 Kd7  1/2-1/2

[Event "Podgorica"]
[Site "Podgorica"]
[Date "1993.??.??"]
[Round "5"]
[White "Vaulin, Alexander"]
[Black "Abramovic, Bosko"]
[Result "1/2-1/2"]
[WhiteElo "2515"]
[BlackElo "2475"]

1.c4 e6 2.g3 Nf6 3.Bg2 d5 4.Nf3 Be7 5.d4 O-O 6.Nc3 b6 7.O-O Bb7 8.cxd5 exd5
9.Bf4 Na6 10.Rc1 Qd7 11.Qc2 Rfd8 12.Rfd1 Qe8 13.a3 c5 14.dxc5 Nxc5 15.Bc7 Rdc8
16.Be5 Nce4  1/2-1/2

[Event "Policka (Women)"]
[Site "Policka"]
[Date "1993.??.??"]
[Round "4"]
[White "Grabuzova, Tatiana"]
[Black "Pallova, Martina"]
[Result "1-0"]
[WhiteElo "2275"]
[BlackElo "2035"]

1.d4 d5 2.c4 e6 3.Nf3 Nf6 4.g3 Be7 5.Bg2 O-O 6.O-O b6 7.Ne5 Bb7 8.Nc3 Ne4
9.Qc2 f6 10.Nd3 Nc6 11.Be3 f5 12.cxd5 exd5 13.Nf4 Nb4 14.Qb3 Qd7 15.Nxe4 fxe4
16.Bxe4 c5 17.dxc5 bxc5 18.Rfd1 Rad8 19.a3 g5 20.axb4 gxf4 21.Bxc5 Bxc5 22.bxc5 Qf7
23.Bf3 Ba8 24.Rd4 fxg3 25.hxg3 h5 26.Qd3 Rfe8 27.Ra6 Re5 28.Rg6+ Kh8 29.Rh6+ Kg8
30.Rf4  1-0

[Event "Ptuj-B"]
[Site "Ptuj"]
[Date "1993.??.??"]
[Round "7"]
[White "Tasic, Branislav"]
[Black "Brglez, Rado"]
[Result "0-1"]
[WhiteElo "2245"]
[BlackElo "2310"]

1.d4 Nf6 2.c4 e6 3.g3 d5 4.Nf3 Be7 5.Bg2 O-O 6.O-O dxc4 7.Qc2 a6 8.Qxc4 b5
9.Qc2 Bb7 10.Bf4 Nc6 11.Rd1 Nb4 12.Qc1 Rc8 13.Nc3 Qe8 14.a3 Nbd5 15.Nxd5 Bxd5
16.b4 Bd6 17.Ne5 Bxg2 18.Kxg2 Nd5 19.Nd3 Nb6 20.Qe3 Nc4 21.Qf3 a5 22.h4 Ra8
23.h5 h6 24.Ne5 Nb6 25.Nd3 axb4 26.axb4 Ra4 27.Rxa4 bxa4 28.Rc1 Nd5 29.Bxd6 cxd6
30.e4 Nb6 31.e5 d5 32.Rc5 Nc4 33.Qe2 a3 34.b5 Qa8 35.Nb4 Qa4 36.Na2 Qb3 37.Nc1 Qb2  0-1

[Event "ROM-chT"]
[Site "ROM"]
[Date "1993.??.??"]
[Round "4"]
[White "Cretu, Alina"]
[Black "Marin Ionescu, Luiza"]
[Result "1/2-1/2"]
[WhiteElo "2055"]
[BlackElo "2155"]

1.Nf3 Nf6 2.c4 e6 3.g3 d5 4.d4 Be7 5.Bg2 O-O 6.O-O dxc4 7.Qc2 a6 8.a4 Bd7
9.Ne5 Bc6 10.Nxc6 Nxc6 11.e3 Nd5 12.a5 b5 13.axb6 cxb6 14.Qxc4 Ncb4 15.Nc3 Qd7
16.Bd2 a5 17.Qb5 Qxb5 18.Nxb5 Rac8 19.e4 Rc2 20.Rfd1 Nc7 21.Nxc7 Rxc7 22.Bc3 Rd8
23.d5 exd5 24.exd5 Rcd7 25.Bxb4 Bxb4 26.Rac1 Bc5 27.b3 Kf8 28.Re1 Re8 29.Rxe8+ Kxe8
30.Kf1 g6 31.Rc2 Re7 32.h3 Kd8 33.Re2 Rxe2 34.Kxe2 Kd7  1/2-1/2

[Event "ROM-chT"]
[Site "ROM"]
[Date "1993.??.??"]
[Round "9"]
[White "Caravan, Mariana"]
[Black "Marin Ionescu, Luiza"]
[Result "1/2-1/2"]
[WhiteElo "2095"]
[BlackElo "2155"]

1.d4 d5 2.g3 Nf6 3.Bg2 e6 4.c4 Be7 5.Nf3 O-O 6.O-O dxc4 7.Qc2 a6 8.a4 Bd7
9.Ne5 Bc6 10.Nxc6 Nxc6 11.e3 Na5  1/2-1/2

[Event "Sala op"]
[Site "Sala"]
[Date "1993.??.??"]
[Round "2"]
[White "Mochalov, Evgeny V"]
[Black "Veselsky, Jozef"]
[Result "1-0"]
[WhiteElo "2445"]
[BlackElo "2270"]

1.d4 d5 2.c4 e6 3.Nf3 Nf6 4.g3 Be7 5.Bg2 O-O 6.Nc3 b6 7.cxd5 exd5 8.O-O Bb7
9.Ne5 Nbd7 10.Qb3 c6 11.Bf4 Nxe5 12.Bxe5 Ng4 13.Bf4 Bg5 14.Bxg5 Qxg5 15.e4 dxe4
16.Nxe4 Qg6 17.Rfe1 Rad8 18.Rad1 Kh8 19.h3 Nf6 20.Nxf6 Qxf6 21.Qa3 a5 22.Qb3 b5
23.Qa3 a4 24.Re7 Ba8 25.Qc5 Kg8 26.Re5 Qd6 27.Bf3 Qxc5 28.Rxc5 Rd6 29.d5 Rfd8
30.Rd4 cxd5 31.Rxb5 Kf8 32.Bd1 Bc6 33.Rb6 Ke7 34.Kf1 Ra8 35.Ke1 a3 36.b3 Bd7
37.Rb7 Ke6 38.Kd2 Bc6 39.Rc7 Ke5 40.Rf4 Be8 41.Bg4 Rf6 42.Rxf6 Kxf6 43.Rc5 Ke5
44.Bf3 Rd8 45.Ra5 Rd6 46.Bg2 g5 47.Ke3 Bc6 48.f4+ gxf4+ 49.gxf4+ Kf5 50.Be4+ Kf6
51.Bxh7 d4+ 52.Kd2 Bg2 53.Rxa3 Bxh3 54.Bd3 Ke7 55.Ra7+ Kf8 56.b4 Be6 57.b5 Bd5
58.a4 Rh6 59.Rd7 Rh2+ 60.Kc1 Rh1+ 61.Kb2 Rh2+ 62.Ka3 Be6 63.Rxd4 Rd2 64.Kb4 Ke7
65.a5 Bd7 66.a6 Bc8 67.Kc5 Ra2 68.b6 Ra5+ 69.Kb4 Ra2 70.a7  1-0